000 00606nam a2200205Ii 4500
003 JO-AjNU
008 230605s9999||||xx |||||||||||||| ||und||
017 _a1999/4/495
040 _aJO-AjNU
_bara
_erda
_cJO-AjNU
041 _aara
050 1 4 _aQH308 1999
100 3 _aنصار ، هالة,
_eauthor
_910606
245 0 0 _aعلم الحياة
264 3 1 _aعمان:دار يافا ،1999
300 _a248ص
336 _atext
_btxt
_2rdacontent
337 _aunmediated
_bn
_2rdamedia
338 _avolume
_bnc
_2rdacarrier
650 4 _aالعلوم الطبيعيه - علم الاحياء
_910607
999 _aA1892
_c5460
_d5460